000 01165nam a22002895a 4500
003 OSt
005 20170218104843.0
008 170218s2014 ua frb 000 0 ara d
015 _a2009 / 19396
020 _a9789770462230
040 _aBUEsh
_bara
_cBUEsh
043 _af-ua---
082 0 4 _a343.62078624
_bي ح ي
_222
100 1 _aيحيى، نبيل عبد البديع.
245 1 2 _aالقانون والمهندس وتطبيقات في مجال التشييد والبناء /
_cنبيل عبد البديع يحيى.
250 _aط. 3.
260 _aالقاهرة :
_bدار النهضة العربية،
_c2014.
300 _a589 ص. ؛
_c24 سم.
504 _aيشتمل على إرجاعات ببليوجرافية.
650 7 _aهندسة الإنشاءات
_xقوانين وتشريعات
_zمصر.
_2BUEsh
650 7 _aالمهندسون
_xوضع قانوني، قوانين، إلخ.
_zمصر.
_2BUEsh
650 7 _aعقود البناء
_xقوانين وتشريعات
_zمصر.
_2BUEsh
650 7 _aالمباني
_xقوانين وتشريعات
_zمصر.
_2BUEsh
651 _2BUEsh
653 _bLLAAWW
_cFebruary2017
942 _2ddc
999 _c24184
_d24156